Loading...
| Current Events | 2 | 15.00 | 100% | 50% | 0% |
| Fine Arts - Classical Music | 1 | 20.00 | 100% | 100% | 0% |
| Fine Arts - Other | 6 | 11.67 | 100% | 17% | 0% |
| Fine Arts - Painting and Sculpture | 1 | 10.00 | 100% | 0% | 0% |
| Geography | 2 | 25.00 | 100% | 100% | 50% |
| History - American | 3 | 16.67 | 100% | 67% | 0% |
| History - European | 1 | 10.00 | 100% | 0% | 0% |
| History - Other | 3 | 13.33 | 100% | 0% | 33% |
| History - World | 5 | 18.00 | 100% | 60% | 20% |
| Literature - Drama | 2 | 15.00 | 100% | 50% | 0% |
| Literature - Long Fiction | 6 | 13.33 | 100% | 17% | 17% |
| Literature - Poetry | 2 | 15.00 | 100% | 50% | 0% |
| Mythology | 4 | 10.00 | 75% | 25% | 0% |
| Other Academic | 5 | 14.00 | 100% | 20% | 20% |
| Philosophy | 3 | 13.33 | 100% | 33% | 0% |
| Religion | 2 | 15.00 | 100% | 50% | 0% |
| Science - Biology | 3 | 13.33 | 100% | 33% | 0% |
| Science - Chemistry | 6 | 18.33 | 100% | 83% | 0% |
| Science - Other | 3 | 13.33 | 100% | 0% | 33% |
| Science - Physics | 3 | 13.33 | 100% | 33% | 0% |
| Short Fiction and Other | 5 | 12.00 | 100% | 20% | 0% |
| Social Science | 3 | 10.00 | 67% | 33% | 0% |